000 00893cam a22003011 4500
005 20260322212009.0
008 data
010 _a 55010354
040 _aDLC
_cDLC
_dDLC
050 0 0 _aAC1
_b.G72 vol. 48
082 0 0 _a813.36
100 1 _aMelville, Herman,
_d1819-1891.
240 1 0 _aMoby Dick
245 1 0 _aMoby-Dick :
_bor, The whale /
_cHerman Melville.
260 _aChicago,
_bEncyclopaedia Britannica
_c[1955, c1948]
300 _axx, 420 p.
_c25 cm.
490 0 _aGreat books of the Western World, v. 48
650 0 _aAhab, Captain (Fictitious character)
_vFiction.
650 0 _aWhaling ships
_vFiction.
650 0 _aShip captains
_vFiction.
650 0 _aMentally ill
_vFiction.
650 0 _aWhaling
_vFiction.
650 0 _aWhales
_vFiction.
655 7 _aPsychological fiction.
_2lcsh
655 7 _aAdventure stories.
_2gsafd
655 7 _aSea stories.
_2lcsh
001 data
999 _c182
_d182